Statistics for 5 biggest islands by population, by continent

Click here to take the quiz!

General Stats

  • This quiz has been taken 41 times
    (20 since last reset)
  • The average score is 19 of 30

Answer Stats

ContinentIslandPopulation% Correct
North AmericaCuba11,318,747
100%
North AmericaJamaica2,950,210
100%
North AmericaHispaniola22,278,000
95%
EuropeGreat Britain66,397,821
90%
OceaniaNorth Island3,896,200
90%
OceaniaSouth Island1,187,300
90%
AsiaHonshū104,000,000
85%
EuropeIreland6,894,291
85%
AsiaJava147,795,436
85%
EuropeSicily5,017,000
85%
AsiaSumatra58,880,000
85%
AfricaMadagascar28,479,665
80%
OceaniaNew Guinea14,800,000
80%
North AmericaLong Island7,838,822
75%
AsiaLuzon64,260,312
75%
EuropeSardinia1,659,000
75%
EuropeZealand2,287,740
75%
AfricaMauritius1,219,265
70%
North AmericaPuerto Rico3,474,182
70%
AsiaMindanao27,021,036
55%
South AmericaTrinidad1,267,145
55%
OceaniaViti Levu661,997
50%
AfricaGran Canaria838,397
35%
AfricaTenerife906,854
35%
AfricaUnguja896,721
35%
OceaniaNew Britain513,926
25%
South AmericaMarajó383,336
15%
South AmericaSão Luis1,381,459
10%
South AmericaSão Vicente760,000
10%
South AmericaSanta Catarina420,000
5%

Score Distribution

Percentile by Number Answered

Percent of People with Each Score

Your Score History

You have not taken this quiz since the last reset